Elementos por Imagen - Estadísticas

Estadísticas generales
  • Esta prueba ha sido intentada 3.183 veces
  • La puntuación promedio es 11 de 16
Estadísticas de respuestas
Imagen Respuesta % Correcto
Oro
100%
Hidrógeno / Helio
90%
Potasio
87%
Hierro
86%
Mercurio
83%
Aluminio / Estaño
80%
Calcio
79%
Sodio
78%
Carbono
75%
Neón
73%
Cloro
69%
Uranio
50%
Plomo
37%
Cromo
31%
Silicio
25%
Wolframio
24%
No se encontraron pruebas coincidentes
Distribución de puntuación
Porcentaje de gente con cada puntuación
Porcentaje por número respondido
Historial de tus puntuaciones
No has intentado esta prueba.